Schaum's outline of theory and problems of electric circuits (Record no. 15876)

000 -LEADER
fixed length control field 00535nam a22001937a 4500
001 - CONTROL NUMBER
control field 15876
003 - CONTROL NUMBER IDENTIFIER
control field BD-DhUET
008 - FIXED-LENGTH DATA ELEMENTS--GENERAL INFORMATION
fixed length control field 150316b xxu||||| |||| 00| 0 eng d
040 ## - CATALOGING SOURCE
Original cataloging agency DLC
Transcribing agency DLC
Modifying agency BD-DhUET
082 ## - DEWEY DECIMAL CLASSIFICATION NUMBER
Classification number 623.01
Item number EDM/1965
100 ## - MAIN ENTRY--PERSONAL NAME
Personal name Edminister, Joseph A.
245 ## - TITLE STATEMENT
Title Schaum's outline of theory and problems of electric circuits
250 ## - EDITION STATEMENT
Edition statement 1st ed.
260 ## - PUBLICATION, DISTRIBUTION, ETC. (IMPRINT)
Place of publication, distribution, etc. New York
Name of publisher, distributor, etc. McGraw-Hill Book
Date of publication, distribution, etc. 1965
300 ## - PHYSICAL DESCRIPTION
Extent 289p.
490 ## - SERIES STATEMENT
Series statement Schaum's outline series
650 #0 - SUBJECT ADDED ENTRY--TOPICAL TERM
Topical term or geographic name as entry element Circuits : Electric : Engineering
942 ## - ADDED ENTRY ELEMENTS (KOHA)
Koha item type General Book
Holdings
Lost status Price effective from Sublocation or collection (holding branch) Koha item type Shelving location Damaged status Source of classification or shelving scheme Koha normalized classification for sorting Koha date last seen Koha full call number Piece designation (barcode) Withdrawn status Date acquired Not for loan Location (home branch) Copy number
 2015-03-16Central Library, BUETGeneral BookCirculation section  623_010000000000000_EDM_19652015-03-16623.01/EDM/196514804 2015-03-16 Central Library, BUET1
 2015-03-16Central Library, BUETGeneral BookCirculation section  623_010000000000000_EDM_19652015-03-16623.01/EDM/196536080 2015-03-16 Central Library, BUET2
 2015-04-25Central Library, BUETGeneral BookCirculation section  623_010000000000000_EDM_19652015-04-25623.01/EDM/19659603 2015-04-25 Central Library, BUET3
 2015-04-25Central Library, BUETGeneral BookCirculation section  623_010000000000000_EDM_19652015-04-25623.01/EDM/19659604 2015-04-25 Central Library, BUET4
 2015-04-25Central Library, BUETGeneral BookCirculation section  623_010000000000000_EDM_19652015-04-25623.01/EDM/196514806 2015-04-25 Central Library, BUET5
 2015-06-29Central Library, BUETReading ItemReading section  623_010000000000000_EDM_19652015-06-29623.01/EDM/196514808 2015-06-29 Central Library, BUET6
 2015-07-02Central Library, BUETReading ItemReading section  623_010000000000000_EDM_19652015-07-02623.01/EDM/19659606 2015-07-02 Central Library, BUET7